Normal view
MARC view
Entry Personal Name
001 - CONTROL NUMBER
- control field: 872604
003 - CONTROL NUMBER IDENTIFIER
- control field: OSt
005 - DATE AND TIME OF LATEST TRANSACTION
- control field: 20260114185637.0
008 - FIXED-LENGTH DATA ELEMENTS
- fixed length control field: 260114|| aca||aabn | a|a d
040 ## - CATALOGING SOURCE
- Original cataloging agency: OSt
- Transcribing agency: OSt
100 ## - HEADING--PERSONAL NAME
- Personal name: Elena Calandri, Daniele Caviglia and Antonio Varsori
670 ## - SOURCE DATA FOUND
- Source citation: Work cat.: (OSt)1471552: Elena Calandri, Daniele Caviglia and Antonio Varsori, D‚tente in Cold War Europe Politics and Diplomacy in the Mediterranean and the Middle East, 2015
